000 00940cam a22002295a 4500
001 L138299
008 070525s2007 xxka f 001 0 eng d
020 _a1844072622
_a9781844072620
035 _a(Sirsi) u138299
041 0 _aeng
050 0 4 _a621.45 $2 18
_a333.92 $2 22
100 1 _aWizelius, Tore
245 0 0 _aDeveloping wind power projects
_btheory and practice
260 _aLondon
_bEarthscan
_c2007
300 _axiv, 290p.
_c24cm.
350 _a35.90
520 _aThis comprehensive introductory text on wind power project development covers: wind power basics; the underlying resource and technology; the interaction between wind power and society; and wind power project development, including siting of wind turbines, economics and project development. Bibliography and glossary.
590 _aKA
651 4 _aInternational
690 _aENVIRONMENTAL AND LAND CONSULTANCY-ENERGY-RENEWABLE ENERGY
942 _n0
999 _c107110
_d107110